000 00776nam a2200253Ia 4500
003 OSt
005 20220926014524.0
006 a|||||r|||| 00| 0
007 ta
008 220923b |||||||| |||| 00| 0 eng d
037 _cGeneral Book
040 _aRTL
_cRTL
_beng
041 _2eng
_aeng
082 _aXM5:891.73.N8, M5
100 _aDoherty Neil A
_9320781
245 0 _aCorporate risk management
_b A financial exposition
260 _aNew York
_bMcGraw-Hill
_c1985
300 _axvi,483p
_ccm.
490 _aMcGraw-Hill Insurance Series. McGraw-Hill Series in Finance
500 _aBibliography chapterwise
650 _aJoint Stock Company
942 _hXM5:891.73.N8, M5
_cGB
_2CC
999 _c629284
_d629284